000 02722cam a22003134a 4500
005 20260217113503.0
008 060109s2006 ii ab b 001 0 eng
020 _a0761934227 ( hbk)
020 _a9780761934226
020 _a0761934235
020 _a9780761934233
082 0 0 _a306.0954 RAT
100 _a Rath Govinda Chandra
245 0 0 _aTribal development in India :
_bthe contemporary debate /
_cedited by Govinda Chandra Rath : foreword by Jean Dreze.
260 _aThousand Oaks, Calif. :
_bSage Publications,
_c2006.
300 _a340 p. :
_bill., ;
_c23 cm.
504 _aIncludes bibliographical references and index.
505 _aContents : List of Tables and Figures Foreword by Jean Dreze Acknowledgements Introduction Govinda Chandra Rath I. Approaches to Tribal Development: A Re-examination 1. Nehru and Elwin on Tribal Development: Contrasting Perspectives Govinda Chandra Rath 2. Faulty Planning in a Tribal Region: The Dandakaranya Development Authority R.K. Barik 3. Development-induced Displacement and Tribal Women Walter Fernandes II. Tribal Autonomy Movements and the Issues of Development 4. Ethno-regionalism and Tribal Development: Problems and Challenges in Jharkhand Sajal Basu 5. The Kamatpur Movement: Towards a Separate State in North Bengal I. Sarkar III. Struggles for Rights to Resources 6. Land Alienation among Tribals in Uttar Pradesh Kripa Shankar 7. Issues in Tribal Development: The Recent Experience of Kerala Jos Chathukulam and M. S. John 8. From Landlessness to Ownership: The Tribal Struggle for Property Rights Arun Kumar 9. Economic Decline of Tribals in Tamil Nadu: 1947-2000 Velayutham Saravanan IV. Development and Social Opportunities 10. The Tolchha Bhotias: Development and Transhumance Indu Sahai, Pallavi Kunwar and Shilpi Srivastava 11. Primary Education in the Tribal Belt of Orissa P.K.Sahoo and B.C. Das 12. Health-Disease-Poverty Nexus among Tribals in Orissa Motilal Mahamallik, Sunil Kumar Mishra and Minarva Dash 13. Ethnography of Development among the Car Nicobarese Keya Pandey and Shashi Bhatia About the Editor and Contributors Index
650 0 _aApplied anthropology
_zIndia.
650 0 _aIndigenous peoples
_zIndia
_xGovernment relations.
650 0 _aIndigenous peoples
_zCivil rights
_zIndia.
650 0 _aIndigenous peoples
_zIndia
_xSocial conditions.
650 0 _aEconomic development
_zIndia.
650 0 _aRural development
_zIndia.
700 1 _aRath, Govinda Chandra.
856 4 1 _3Table of contents
_uhttp://catdir.loc.gov/catdir/toc/ecip066/2006000657.html
856 4 2 _3Publisher description
_uhttp://www.loc.gov/catdir/enhancements/fy0659/2006000657-d.html
942 _2ddc
_cBK
999 _c26099
_d26099